La notion de verbe dans les écrits de Saint Thomas D'Aquin

محفوظ في:
التفاصيل البيبلوغرافية
المؤلف الرئيسي: Lonergan, Bernard J. F. (autor)
التنسيق: كتاب
اللغة:الفرنسية
منشور في: París Beauchesne 1966
سلاسل:Bibliothéque des Archives de Philosophie: Nouvelle Serie, 5
الموضوعات:
الوسوم: إضافة وسم
لا توجد وسوم, كن أول من يضع وسما على هذه التسجيلة!

MARC

LEADER 00000nam a2200000 a 4500
001 UCZ3782
003 CL-VaPUC
008 951027e19660000FR |||||||||||||||||fre|d
082 0 4 |a 189.4  |b LON  |2 21 
100 |a Lonergan, Bernard J. F.  |e autor  |9 347616 
245 1 3 |a La notion de verbe dans les écrits de Saint Thomas D'Aquin 
300 |a 255 p 
942 |c BK 
945 |d 19951027 00:00:00  |a cmena 
260 |a París  |b Beauchesne  |c 1966 
650 0 |a Escolasticismo  |9 264998 
650 0 |a Filosofía medieval  |9 256245 
650 0 |a Metafísica  |9 265649 
650 0 |a Lógica  |9 256849 
583 |a last modification  |c 19951027 00:00:00  |k Rodrigo Vera 
490 0 |a Bibliothéque des Archives de Philosophie: Nouvelle Serie, 5 
999 |c 240230  |d 240228 
952 |0 0  |1 0  |4 0  |6 189_400000000000000_LON_1966  |7 0  |8 P  |9 251959  |a BIBEDU  |b BIBEDU  |c BIBEDU_PB  |d 2019-11-18  |i 1588869  |o 189.4 LON 1966  |p 1588869  |r 2024-01-25  |w 2019-11-18  |y BK  |k FIL